The History of Don Quixote de la Mancha (Record no. 3065)

MARC details
000 -CABECERA
campo de control de longitud fija 01695nam a2200349 a 4500
001 - NÚMERO DE CONTROL
campo de control BRCA_3329
005 - FECHA Y HORA DE LA ÚLTIMA TRANSACCIÓN
campo de control 20190320204227.0
008 - DATOS DE LONGITUD FIJA--INFORMACIÓN GENERAL
campo de control de longitud fija 240309m18801881enka---###---#000-0#eng-#
041 ## - CÓDIGO DE LENGUA
Código de lengua del texto/banda sonora o título independiente eng
044 ## - CÓDIGO DEL PAÍS DE LA ENTIDAD EDITORA/PRODUCTORA
Código MARC del país enk
084 ## - OTRO NÚMERO DE CLASIFICACIÓN
Número de clasificación 623
Número de documento/Ítem .N56
-- 1880
100 1# - ENTRADA PRINCIPAL--NOMBRE DE PERSONA
Nombre de persona Cervantes Saavedra, Miguel de
Fechas asociadas al nombre 1547-1616
9 (RLIN) 213
245 10 - MENCIÓN DE TÍTULO
Título The History of Don Quixote de la Mancha
Mención de responsabilidad, etc. Translated from the Spanish by Motteux.
260 ## - PUBLICACIÓN, DISTRIBUCIÓN, ETC.
Lugar de publicación, distribución, etc. Londres
Nombre del editor, distribuidor, etc. J. C. Nimmo and Bain
Fecha de publicación, distribución, etc. 1880-1881
300 ## - DESCRIPCIÓN FÍSICA
Extensión 4 v.
Otras características físicas il.
Dimensiones 20 cm.
500 ## - NOTA GENERAL
Nota general Contenido : v.1. Primera parte. Noticia biográfica sobre P. A. Motteux por Henry van Laun. Vida de Cervantes por Lockhart. Prólogo del autor. Notas. 1880. -- v.2. Primera parte. Notas. 1881. -- v.3. Segunda parte. Prólogo del autor. Notas. 1881. -- v.4. Segunda parte. Notas. 1881
500 ## - NOTA GENERAL
Nota general Edición : Edited with Notes and Momeir by G. Lockhart, Preceded by a Short Notice of the Life and Works of Motteux by Henry val Laun. With 16 Originally Etchins by R. de los Ríos
500 ## - NOTA GENERAL
Nota general Ejemplar por completo igual al anterior [622] Lúdovik Osterc
500 ## - NOTA GENERAL
Nota general QM481
546 ## - NOTA DE LENGUA/LENGUAJE
Nota de lengua/lenguaje Texto en : inglés
650 14 - PUNTO DE ACCESO ADICIONAL DE MATERIA--TÉRMINO DE MATERIA
Término de materia o nombre geográfico como elemento de entrada Novela española
Subdivisión cronológica Época clásica, 1500-1700
9 (RLIN) 215
650 14 - PUNTO DE ACCESO ADICIONAL DE MATERIA--TÉRMINO DE MATERIA
Término de materia o nombre geográfico como elemento de entrada Literatura española
Subdivisión cronológica Época clásica, 1500-1700
9 (RLIN) 216
650 14 - PUNTO DE ACCESO ADICIONAL DE MATERIA--TÉRMINO DE MATERIA
Término de materia o nombre geográfico como elemento de entrada Novela española
Subdivisión cronológica Siglo XVII
9 (RLIN) 217
650 14 - PUNTO DE ACCESO ADICIONAL DE MATERIA--TÉRMINO DE MATERIA
Término de materia o nombre geográfico como elemento de entrada Don Quijote (Personaje ficticio)
Término indicativo de función/relación Novela
9 (RLIN) 218
700 1# - PUNTO DE ACCESO ADICIONAL--NOMBRE DE PERSONA
Nombre de persona Motteux, Peter Anthony
Fechas asociadas al nombre 1663-1718
Término indicativo de función/relación Traductor
9 (RLIN) 8794
700 1# - PUNTO DE ACCESO ADICIONAL--NOMBRE DE PERSONA
Nombre de persona Lockhart, John Gibson
Término indicativo de función/relación Anotador
9 (RLIN) 8795
700 1# - PUNTO DE ACCESO ADICIONAL--NOMBRE DE PERSONA
Nombre de persona Laun, Henry van
Fechas asociadas al nombre 1820-1896
Término indicativo de función/relación Anotador
9 (RLIN) 8796
700 1# - PUNTO DE ACCESO ADICIONAL--NOMBRE DE PERSONA
Nombre de persona Ríos, R. de los
Término indicativo de función/relación Ilustrador
9 (RLIN) 8797
740 0# - PUNTO DE ACCESO ADICIONAL--TÍTULO RELACIONADO O ANALÍTICO NO CONTROLADO
Título relacionado o analítico no controlado El Ingenioso Hidalgo Don Quijote de la Mancha
902 ## - CATALOGADOR
Iniciales QFM
942 ## - ELEMENTOS DE PUNTO DE ACCESO ADICIONAL (KOHA)
Fuente del sistema de clasificación o colocación Library of Congress Classification
Tipo de ítem Koha Libros
Holdings
Estado de retiro Estado de pérdida Estado dañado No para préstamo Localización permanente Ubicación/localización actual Fecha de adquisición Número de inventario Total de préstamos Signatura topográfica completa Código de barras Fecha visto por última vez Precio válido a partir de Tipo de ítem Koha
El ejemplar forma parte de la colección y puede ser consultado según las políticas vigentes.       Biblioteca del Museo Franz Mayer (Rogerio Casas-Alatriste) Biblioteca del Museo Franz Mayer (Rogerio Casas-Alatriste) 24/03/2009 QM481   623 .N56 1880 (QM481) 3326 22/03/2019 22/03/2019 Libros